| 000 | 02049nam a2200613 i 4500 | ||
|---|---|---|---|
| 001 | 22589 | ||
| 003 | CZ PrNK | ||
| 005 | 20260401143208.0 | ||
| 007 | ta | ||
| 008 | 170905s2018 xr a b f 001 0 cze | ||
| 015 | _acnb002931102 | ||
| 020 |
_a9788075495204 _q(vázáno) : _cKč 279,00 |
||
| 035 | _a(OCoLC)1028202433 | ||
| 040 |
_aOLA001 _bcze _erda |
||
| 041 | 1 |
_acze _heng |
|
| 072 | 7 |
_a59 _xZoologie _2Konspekt |
|
| 072 | 7 |
_a0/9-053.2 _xLiteratura pro děti a mládež (naučná) _2Konspekt |
|
| 080 |
_a592/599 _2MRF |
||
| 080 |
_a591.5 _2MRF |
||
| 080 |
_a0/9 _2MRF |
||
| 080 |
_a(0.062) _2MRF |
||
| 080 |
_a(0.053.2) _2MRF |
||
| 100 | 1 |
_aClaybourne, Anna, _d1969- _4aut |
|
| 240 | 1 | 0 |
_aWhy don't fish drown?. _lČesky |
| 245 | 1 | 0 |
_aProč se ryby neutopí? : _ba další zásadní otázky ze světa zvířat / _ctext Anna Claybourneová ; původní ilustrace Claire Gobleová ; překlad Dominika Dubcová |
| 250 | _aVydání první | ||
| 264 | 1 |
_aPraha : _bEuromedia, _c2018 |
|
| 300 |
_a95 stran : _bilustrace (převážně barevné) ; _c27 cm |
||
| 336 |
_atext _btxt _2rdacontent |
||
| 336 |
_astatický obraz _bsti _2rdacontent |
||
| 337 |
_abez média _bn _2rdamedia |
||
| 338 |
_asvazek _bnc _2rdacarrier |
||
| 490 | 1 | _aPikola | |
| 500 | _aPřeloženo z angličtiny | ||
| 500 | _aTerminologický slovník | ||
| 500 | _aObsahuje rejstřík | ||
| 521 | 8 | _aPro děti od 7 let | |
| 650 | 0 | 7 |
_aživočichové _2czenas |
| 650 | 0 | 7 |
_aekologie živočichů _2czenas |
| 650 | 0 | 7 |
_avšeobecnosti a zajímavosti _2czenas |
| 650 | 0 | 9 |
_aanimals _2eczenas |
| 650 | 0 | 9 |
_aanimal ecology _2eczenas |
| 650 | 0 | 9 |
_afacts and features _2eczenas |
| 655 | 7 |
_apopulárně-naučné publikace _2czenas |
|
| 655 | 7 |
_apublikace pro děti _2czenas |
|
| 655 | 9 |
_apopular works _2eczenas |
|
| 655 | 9 |
_achildren's literature _2eczenas |
|
| 700 | 1 |
_aGoble, Claire _4ill |
|
| 700 | 1 |
_aDubcová, Dominika _4trl |
|
| 830 | 0 | _aPikola (Euromedia) | |
| 901 |
_b9788075495204 _f1. vydání _o20180205 |
||
| 910 | _aABA001 | ||
| 942 |
_2ddc _cKLDE _n0 |
||
| 999 |
_c22589 _d22589 |
||